| 000 | 00438nam a2200169Ia 4500 | ||
|---|---|---|---|
| 005 | 20250603145312.0 | ||
| 008 | 250603s9999 xx 000 0 und d | ||
| 020 | _a9783859382 | ||
| 100 | _aModusolumuo, M.A. | ||
| 245 | 0 | _aMan’s exposure to chemical substances and its sundry consequences: a toxicologist’s perspective | |
| 260 | _aYola | ||
| 260 | _bLAPC | ||
| 260 | _c2011 | ||
| 300 | _a81 p | ||
| 650 | _aYola | ||
| 942 | _cBK | ||
| 999 |
_c41462 _d41462 |
||